| 000 -LEADER |
| fixed length control field |
01298cam a2200325 a 4500 |
| 001 - CONTROL NUMBER |
| control field |
4909308 |
| 003 - CONTROL NUMBER IDENTIFIER |
| control field |
NUST - PNEC |
| 005 - DATE AND TIME OF LATEST TRANSACTION |
| control field |
20170116181115.0 |
| 008 - FIXED-LENGTH DATA ELEMENTS--GENERAL INFORMATION |
| fixed length control field |
950717s1995 njua 000 0 eng |
| 010 ## - LIBRARY OF CONGRESS CONTROL NUMBER |
| LC control number |
94069142 |
| 020 ## - INTERNATIONAL STANDARD BOOK NUMBER |
| International Standard Book Number |
0878916008 |
| 040 ## - CATALOGING SOURCE |
| Original cataloging agency |
DLC |
| Transcribing agency |
LIBRARY |
| Modifying agency |
DLC |
| 050 00 - LIBRARY OF CONGRESS CALL NUMBER |
| Classification number |
QD42 |
| Item number |
.B469 1995 |
| 082 00 - DEWEY DECIMAL CLASSIFICATION NUMBER |
| Classification number |
540.76 FOG |
| Edition number |
20 |
| 245 04 - TITLE STATEMENT |
| Title |
The best test preparation for the GRE, graduate record examination, in chemistry / |
| Statement of responsibility, etc. |
staff of Research & Education Association ; M. Fogiel, director. |
| 246 30 - VARYING FORM OF TITLE |
| Title proper/short title |
GRE, graduate record examination, in chemistry |
| 246 30 - VARYING FORM OF TITLE |
| Title proper/short title |
GRE in chemistry |
| 246 18 - VARYING FORM OF TITLE |
| Title proper/short title |
GRE chemistry |
| 246 1# - VARYING FORM OF TITLE |
| Display text |
Title on p. [4] of cover: |
| Title proper/short title |
Graduate record examination in chemistry |
| 260 ## - PUBLICATION, DISTRIBUTION, ETC. |
| Place of publication, distribution, etc. |
Piscataway, N.J.: |
| Name of publisher, distributor, etc. |
The Association, |
| Date of publication, distribution, etc. |
c1995. |
| 300 ## - PHYSICAL DESCRIPTION |
| Extent |
xii, 467 p. : |
| Other physical details |
ill. ; |
| Dimensions |
26 cm. |
| 650 #0 - SUBJECT ADDED ENTRY--TOPICAL TERM |
| Topical term or geographic name entry element |
Chemistry |
| Form subdivision |
Examinations, questions, etc. |
| 650 #0 - SUBJECT ADDED ENTRY--TOPICAL TERM |
| Topical term or geographic name entry element |
Graduate Record Examination |
| Form subdivision |
Study guides. |
| General subdivision |
ME |
| 700 1# - ADDED ENTRY--PERSONAL NAME |
| Personal name |
Fogiel, M. |
| Fuller form of name |
(Max) |
| 710 2# - ADDED ENTRY--CORPORATE NAME |
| Corporate name or jurisdiction name as entry element |
Research and Education Association. |
| 856 42 - ELECTRONIC LOCATION AND ACCESS |
| Materials specified |
Publisher description |
| Uniform Resource Identifier |
<a href="http://www.loc.gov/catdir/enhancements/fy0917/94069142-d.html">http://www.loc.gov/catdir/enhancements/fy0917/94069142-d.html</a> |
| 906 ## - LOCAL DATA ELEMENT F, LDF (RLIN) |
| a |
7 |
| b |
cbc |
| c |
orignew |
| d |
2 |
| e |
opcn |
| f |
19 |
| g |
y-gencatlg |
| 942 ## - ADDED ENTRY ELEMENTS (KOHA) |
| Source of classification or shelving scheme |
|
| Koha item type |
Book |